Drii luege : Gedicht /

Saved in:
Bibliographic Details
Main Author: Ott, Markus, 1965-
Format: Book
Language:German
Published: Carouge : Editions Heuwinkel, c1998.
Tags: Add Tag
No Tags, Be the first to tag this record!
LEADER 00446nam a2200157 a 4500
001 007720564-2
005 20020606104010.5
008 980227s1998 sz a 000|0 ger d
020 |a 3906410501 
035 0 |a ocm45782961 
100 1 |a Ott, Markus,  |d 1965- 
245 1 0 |a Drii luege :  |b Gedicht /  |c Markus Ott ; Bilder vom Hans Krüsi. 
260 |a Carouge :  |b Editions Heuwinkel,  |c c1998. 
300 |a 152 p. :  |b col. ill. ;  |c 21 cm. 
988 |a 20020608 
906 |0 MH